000 00578nam a22001577a 4500
020 _a9789332536791
082 _a330
100 _aJames Gerber
245 _aInternational Economics
250 _a6th ed
260 _aDorling Kindersley
_bPearson education
_c2014
300 _a490p
942 _cBK
999 _c3253
_d3253